000
00253 a2200085 4500
020
_a
9783037786185
100
_a
Gunther Vogt and Thomas Kissling (Editor)
245
_a
Mutation and Morphosis: Landscape as Aggregate
260
_b
Lars Müller Publishers
_c
2020
999
_c
13399
_d
13399